000 00314nam a2200133Ia 4500
005 20260328101520.0
008 260328s9999||||xx |||||||||||||| ||und||
100 _aCesare M, Casati
245 0 _aKisho Kurokawa /
_cCasati Cesare M
260 _bArca Plus
300 _a112 p.
650 _aARQUITECTOS
942 _cBK
999 _c9563
_d9563